TV's Funniest Men Slideshow Quiz Stats

 Plays Quiz Updated Sep 18, 2018

Score 0/24 Timer 05:00
1 Play Today
% Correct
Michael J. Fox
94.8%
Alec Baldwin
89.3%
Ted Danson
88.7%
Alan Alda
87.8%
Kelsey Grammer
82.7%
Burt Reynolds
81.3%
Ray Romano
78.4%
John Ritter
74.5%
John Lithgow
72.1%
Carroll O'Connor
66.3%
Ricky Gervais
64.6%
Tony Randall
60.4%
% Correct
Jim Parsons
60%
Judd Hirsch
57.3%
Craig T. Nelson
56.6%
Jon Cryer
50.7%
Tony Shalhoub
41.1%
Donald Glover
37.3%
Bill Hader
37%
Jeffrey Tambor
32.6%
Eric McCormack
31.5%
Robert Guillaume
30.7%
Richard Mulligan
25.9%
Jack Albertson
25.5%

You're not logged in!

Compare scores with friends on all Sporcle quizzes.
OR
Log In

Show Comments

Extras

Top Quizzes Today


Score Distribution

Your Account Isn't Verified!

In order to create a playlist on Sporcle, you need to verify the email address you used during registration. Go to your Sporcle Settings to finish the process.

Report this User

Report this user for behavior that violates our Community Guidelines.

Details: